[Event "Quebec-ch qual"]
[Site "Montreal CAN"]
[Date "2000.04.29"]
[Round "3"]
[White "Deshetres, Michel"]
[Black "Pnevmonidis, Pantelis"]
[Result "0-1"]
[WhiteElo "1662"]
[BlackElo "2080"]
[PlyCount "50"]
[GameId "2160767911703386"]
[EventDate "2000.07.02"]
[EventType "swiss"]
[EventRounds "5"]
[EventCountry "CAN"]
[SourceTitle "EXT 2009"]
[Source "ChessBase"]
[SourceDate "2008.11.26"]
[SourceVersion "1"]
[SourceVersionDate "2008.11.26"]
[SourceQuality "1"]

1. d4 Nf6 2. c4 e6 3. g3 Bb4+ 4. Bd2 Qe7 5. Bg2 O-O 6. Nc3 d6 7. e4 Bxc3 8. Bxc3 e5 9. d5 c5 10. Ne2 Ne8 11. O-O Nc7 12. f4 Nd7 13. Nc1 b5 14. b3 f6 15. cxb5 Nxb5 16. Bb2 a5 17. Ne2 Nb6 18. fxe5 fxe5 19. Rxf8+ Qxf8 20. Qd3 Qe8 21. Rc1 Ba6 22. Qf3 Nd7 23. Nc3 Nd4 24. Qe3 Nf6 25. Bf1 Ng4 0-1

[Event "Quebec-ch qual"]
[Site "Montreal CAN"]
[Date "2000.07.03"]
[Round "3"]
[White "Prahov, Valentin"]
[Black "Desjardins, Andre"]
[Result "1/2-1/2"]
[WhiteElo "2229"]
[BlackElo "2101"]
[PlyCount "108"]
[GameId "2160767911703388"]
[EventDate "2000.07.02"]
[EventType "swiss"]
[EventRounds "5"]
[EventCountry "CAN"]
[SourceTitle "EXT 2001"]
[Source "ChessBase"]
[SourceDate "2000.11.22"]
[SourceVersion "1"]
[SourceVersionDate "2000.11.22"]
[SourceQuality "1"]

1. e4 c5 2. Nf3 Nc6 3. d4 cxd4 4. Nxd4 Nf6 5. Nc3 e5 6. Ndb5 d6 7. Bg5 a6 8. Na3 b5 9. Bxf6 gxf6 10. Nd5 f5 11. Bd3 Be6 12. c3 Bg7 13. Qh5 O-O 14. exf5 Bxd5 15. f6 e4 16. fxg7 Re8 17. Be2 Re5 18. Qh6 Rg5 19. O-O Ne5 20. Nc2 Bc4 21. Bxc4 bxc4 22. Ne3 Rb8 23. b3 cxb3 24. axb3 Rb6 25. Kh1 d5 26. Qh3 Qd7 27. Qxd7 Nxd7 28. Rfd1 Rxb3 29. Rxd5 Rxd5 30. Nxd5 Kxg7 31. g3 Nb6 32. Nxb6 Rxb6 33. Ra5 f6 34. Kg2 Rb2 35. Kf1 Rc2 36. Rxa6 Rxc3 37. g4 h5 38. gxh5 Rf3 39. Kg2 Kh6 40. Re6 Kxh5 41. Rxe4 Ra3 42. Rb4 Kg5 43. f3 Ra1 44. h4+ Kf5 45. h5 Kg5 46. Rb5+ Kf4 47. h6 Ra2+ 48. Kh3 Ra1 49. Rb2 Kxf3 50. h7 Ra8 51. Kh4 Rh8 52. Rb7 f5 53. Kg5 f4 54. Rf7 Kg3 1/2-1/2

[Event "Quebec-ch qual"]
[Site "Montreal CAN"]
[Date "2000.04.30"]
[Round "4"]
[White "Cardin, Guillaume"]
[Black "Vandal, Eric"]
[Result "1/2-1/2"]
[WhiteElo "1760"]
[BlackElo "1570"]
[PlyCount "73"]
[GameId "2160767911703389"]
[EventDate "2000.07.02"]
[EventType "swiss"]
[EventRounds "5"]
[EventCountry "CAN"]
[SourceTitle "EXT 2009"]
[Source "ChessBase"]
[SourceDate "2008.11.26"]
[SourceVersion "1"]
[SourceVersionDate "2008.11.26"]
[SourceQuality "1"]

1. d4 d5 2. Bg5 Nd7 3. e3 Ngf6 4. c4 c6 5. Nf3 h6 6. Bh4 e6 7. Nc3 Be7 8. Rc1 O-O 9. Bd3 dxc4 10. Bxc4 Nd5 11. Bxe7 Qxe7 12. O-O b6 13. Nxd5 cxd5 14. Bb5 Nf6 15. a3 Bb7 16. Ne5 Rac8 17. f3 Rxc1 18. Qxc1 Rc8 19. Qd2 Qc7 20. Bd3 Nd7 21. Nxd7 Qxd7 22. Rc1 Rxc1+ 23. Qxc1 Qc8 24. Qxc8+ Bxc8 25. f4 f6 26. Kf2 Kf7 27. e4 dxe4 28. Bxe4 e5 29. Bd5+ Be6 30. Bxe6+ Kxe6 31. dxe5 fxe5 32. fxe5 Kxe5 33. Ke3 b5 34. b3 g5 35. b4 Kd5 36. Kd3 Ke5 37. Ke3 1/2-1/2

[Event "Quebec-ch qual"]
[Site "Montreal CAN"]
[Date "2000.04.30"]
[Round "4"]
[White "Masse, Hugues"]
[Black "Forget, Luc"]
[Result "1-0"]
[WhiteElo "1938"]
[BlackElo "1820"]
[PlyCount "69"]
[GameId "2160767911703390"]
[EventDate "2000.07.02"]
[EventType "swiss"]
[EventRounds "5"]
[EventCountry "CAN"]
[SourceTitle "EXT 2009"]
[Source "ChessBase"]
[SourceDate "2008.11.26"]
[SourceVersion "1"]
[SourceVersionDate "2008.11.26"]
[SourceQuality "1"]

1. e4 e6 2. d4 d5 3. e5 c5 4. c3 Nc6 5. Nf3 Qc7 6. Be2 Nge7 7. Na3 a6 8. O-O Bd7 9. Be3 Ng6 10. Nc2 Rc8 11. Nce1 c4 12. Ng5 f6 13. exf6 gxf6 14. Ngf3 Bd6 15. g3 Ke7 16. Ng2 Rcg8 17. Kh1 Nd8 18. Nfh4 Nf7 19. f4 Nxh4 20. Nxh4 Rg7 21. Qe1 Rhg8 22. Bd2 Kd8 23. Bf3 f5 24. b3 Be7 25. Ng2 Nd6 26. bxc4 Nxc4 27. Rb1 h5 28. Be3 Rh7 29. Bf2 Rh6 30. h4 Kc8 31. Ne3 Nxe3 32. Qxe3 Kb8 33. Rb2 Ba3 34. Rb3 Qd6 35. c4 1-0

[Event "Quebec-ch qual"]
[Site "Montreal CAN"]
[Date "2000.04.30"]
[Round "4"]
[White "Pitre, Francois"]
[Black "Larochelle, Martial"]
[Result "0-1"]
[WhiteElo "2007"]
[BlackElo "2198"]
[PlyCount "143"]
[GameId "2160767911703391"]
[EventDate "2000.07.02"]
[EventType "swiss"]
[EventRounds "5"]
[EventCountry "CAN"]
[SourceTitle "EXT 2009"]
[Source "ChessBase"]
[SourceDate "2008.11.26"]
[SourceVersion "1"]
[SourceVersionDate "2008.11.26"]
[SourceQuality "1"]

1. d4 d5 2. Nf3 Nc6 3. e3 Bg4 4. Be2 e6 5. Nbd2 f5 6. c4 Nf6 7. Qa4 Qd7 8. cxd5 exd5 9. Bb5 Bd6 10. Ne5 Bxe5 11. dxe5 Ng8 12. Nb3 Nge7 13. Bd2 O-O 14. h3 Bh5 15. Qh4 Be8 16. O-O a6 17. Bxc6 Nxc6 18. Nc5 Qc8 19. Bc3 b6 20. Nb3 Nd8 21. Rfd1 Qe6 22. Nd4 Qf7 23. Rac1 c5 24. Ne2 Bc6 25. b4 Ne6 26. Nf4 Nxf4 27. Qxf4 Rac8 28. bxc5 bxc5 29. Bb2 Bb5 30. e6 Qxe6 31. a4 Bc4 32. Qg5 Qg6 33. Qf4 Rfe8 34. Rxc4 dxc4 35. Qxc4+ Qe6 36. Qc3 Re7 37. Rc1 Rf7 38. a5 h6 39. Ba3 c4 40. Bb2 Qd5 41. Kf1 Rc5 42. Qd4 Qxd4 43. Bxd4 Rxa5 44. Rxc4 Ra2 45. g3 Rb7 46. Rc6 a5 47. Rc5 Rf7 48. Rc8+ Kh7 49. Kg2 a4 50. h4 Kg6 51. Kf3 Kh5 52. Rc5 g5 53. hxg5 Kxg5 54. Rc8 Rb7 55. Rg8+ Kh5 56. Rf8 Rb5 57. Ra8 Kg6 58. Ra6+ Kh7 59. Ra7+ Kg8 60. Rc7 Kf8 61. Rh7 a3 62. Rxh6 Rc2 63. Rh1 a2 64. Rh8+ Kf7 65. Ra8 Rb1 66. Ra5 Ke6 67. Re5+ Kd6 68. Ra5 Rd1 69. g4 fxg4+ 70. Kxg4 Rxf2 71. Kg3 Rfd2 72. Bh8 0-1

[Event "Quebec-ch qual"]
[Site "Montreal CAN"]
[Date "2000.04.30"]
[Round "5"]
[White "Dominique, Vladimir"]
[Black "Simard, Francois"]
[Result "1/2-1/2"]
[WhiteElo "1816"]
[BlackElo "1697"]
[PlyCount "40"]
[GameId "2160767911703395"]
[EventDate "2000.07.02"]
[EventType "swiss"]
[EventRounds "5"]
[EventCountry "CAN"]
[SourceTitle "EXT 2009"]
[Source "ChessBase"]
[SourceDate "2008.11.26"]
[SourceVersion "1"]
[SourceVersionDate "2008.11.26"]
[SourceQuality "1"]

1. e4 e5 2. f4 exf4 3. Qg4 d5 4. Qxf4 dxe4 5. Qxe4+ Be7 6. Nf3 Nf6 7. Qa4+ Bd7 8. Qb3 Qc8 9. Bc4 O-O 10. Ng5 Be8 11. Ne6 fxe6 12. Bxe6+ Bf7 13. Bxc8 Bxb3 14. Bxb7 Bd5 15. Bxa8 Bxa8 16. O-O Bc5+ 17. Kh1 Ne4 18. Rxf8+ Kxf8 19. Nc3 Nf2+ 20. Kg1 Ng4+ 1/2-1/2

[Event "Quebec-ch qual"]
[Site "Montreal CAN"]
[Date "2000.04.30"]
[Round "5"]
[White "Larochelle, Martial"]
[Black "Pnevmonidis, Pantelis"]
[Result "0-1"]
[WhiteElo "2198"]
[BlackElo "2114"]
[PlyCount "58"]
[GameId "2160767911703396"]
[EventDate "2000.07.02"]
[EventType "swiss"]
[EventRounds "5"]
[EventCountry "CAN"]
[SourceTitle "EXT 2009"]
[Source "ChessBase"]
[SourceDate "2008.11.26"]
[SourceVersion "1"]
[SourceVersionDate "2008.11.26"]
[SourceQuality "1"]

1. c4 c6 2. Nf3 d5 3. b3 Bg4 4. Bb2 Nd7 5. d3 Ngf6 6. Nbd2 e6 7. h3 Bh5 8. g3 Bc5 9. Bg2 O-O 10. O-O Qe7 11. a3 a5 12. g4 Bg6 13. Nh4 e5 14. Nxg6 hxg6 15. e3 Qe6 16. Nf3 Bd6 17. Qc2 Qe7 18. Rfd1 Rfc8 19. c5 Bxc5 20. Nxe5 Nxe5 21. Bxe5 Bxa3 22. Bd4 Bd6 23. Qb2 Nd7 24. Re1 Be5 25. e4 Qf6 26. Bxe5 Nxe5 27. Qd2 dxe4 28. Rxe4 Nf3+ 29. Bxf3 Qxa1+ 0-1

[Event "Quebec-ch qual"]
[Site "Montreal CAN"]
[Date "2000.04.30"]
[Round "5"]
[White "Ouellet-Leveille, Clement"]
[Black "Cardin, Guillaume"]
[Result "1-0"]
[WhiteElo "1742"]
[BlackElo "1788"]
[PlyCount "63"]
[GameId "2160767911703397"]
[EventDate "2000.07.02"]
[EventType "swiss"]
[EventRounds "5"]
[EventCountry "CAN"]
[SourceTitle "EXT 2009"]
[Source "ChessBase"]
[SourceDate "2008.11.26"]
[SourceVersion "1"]
[SourceVersionDate "2008.11.26"]
[SourceQuality "1"]

1. e4 c5 2. Nf3 e6 3. d4 cxd4 4. Nxd4 Nf6 5. Nc3 Nc6 6. Be2 Bb4 7. Nxc6 bxc6 8. Bd3 d5 9. exd5 cxd5 10. O-O O-O 11. Ne2 e5 12. c3 Bd6 13. Ng3 Rb8 14. Rb1 Be6 15. Bg5 h6 16. Be3 Qd7 17. Qc2 Rfc8 18. f3 d4 19. Bf2 Bxa2 20. Ra1 Bb3 21. Qe2 Re8 22. Ne4 Be7 23. cxd4 exd4 24. Bg3 Rb7 25. Rfe1 Rd8 26. Bh4 Nd5 27. Bxe7 Nxe7 28. Nc5 Qd5 29. Nxb7 Rd7 30. Rxa7 g6 31. Ra8+ Kg7 32. Rd8 1-0

[Event "Quebec-ch qual"]
[Site "Montreal CAN"]
[Date "2000.04.30"]
[Round "5"]
[White "Pitre, Francois"]
[Black "Masse, Hugues"]
[Result "1-0"]
[WhiteElo "2007"]
[BlackElo "1938"]
[PlyCount "85"]
[GameId "2160767911703398"]
[EventDate "2000.07.02"]
[EventType "swiss"]
[EventRounds "5"]
[EventCountry "CAN"]
[SourceTitle "EXT 2009"]
[Source "ChessBase"]
[SourceDate "2008.11.26"]
[SourceVersion "1"]
[SourceVersionDate "2008.11.26"]
[SourceQuality "1"]

1. d4 f5 2. Nc3 d5 3. Bg5 Nf6 4. Bxf6 exf6 5. e3 c6 6. Bd3 g6 7. Qf3 Be6 8. Nge2 Bd6 9. O-O-O Na6 10. Nf4 Bf7 11. g4 fxg4 12. Qxg4 Qd7 13. Qxd7+ Kxd7 14. Bxa6 bxa6 15. Nd3 Kc7 16. Na4 Rab8 17. Ndc5 Bxc5 18. Nxc5 Rb6 19. Rd3 a5 20. Ra3 Rb5 21. b4 Kb6 22. bxa5+ Rxa5 23. Rxa5 Kxa5 24. Kd2 Rb8 25. Kc3 g5 26. Rg1 Rb4 27. a3 Rc4+ 28. Kd2 Bg6 29. c3 Kb5 30. a4+ Ka5 31. Ra1 h5 32. Ra2 a6 33. Nb7+ Kb6 34. Nd6 g4 35. a5+ Kc7 36. Nxc4 dxc4 37. Rb2 Be4 38. Rb6 f5 39. Kc1 h4 40. Kb2 h3 41. Ka3 Bh1 42. Kb4 Bd5 43. Kc5 1-0

[Event "Quebec-ch qual"]
[Site "Montreal CAN"]
[Date "2000.07.04"]
[Round "5"]
[White "Desjardins, Andre"]
[Black "Pnevmonidis, Pantelis"]
[Result "1/2-1/2"]
[WhiteElo "2101"]
[BlackElo "2080"]
[PlyCount "20"]
[GameId "2160767911703399"]
[EventDate "2000.07.02"]
[EventType "swiss"]
[EventRounds "5"]
[EventCountry "CAN"]
[SourceTitle "EXT 2001"]
[Source "ChessBase"]
[SourceDate "2000.11.22"]
[SourceVersion "1"]
[SourceVersionDate "2000.11.22"]
[SourceQuality "1"]

1. e4 c5 2. Nf3 d6 3. d4 cxd4 4. Nxd4 Nf6 5. Nc3 a6 6. Bg5 e6 7. f4 Qb6 8. Qd2 Qxb2 9. Rb1 Qa3 10. Bxf6 gxf6 1/2-1/2

[Event "Quebec-ch qual-2"]
[Site "Montreal CAN"]
[Date "2000.05.26"]
[Round "1"]
[White "Rashev, Nick"]
[Black "Mathews, Theo"]
[Result "1/2-1/2"]
[WhiteElo "2024"]
[BlackElo "1769"]
[PlyCount "112"]
[GameId "2160767911711780"]
[EventDate "2000.05.26"]
[EventType "swiss"]
[EventRounds "5"]
[EventCountry "CAN"]

1. d4 d5 2. c4 e6 3. Nc3 Nf6 4. cxd5 exd5 5. Bg5 c6 6. e3 Bd6 7. Qc2 Nbd7 8. Bd3 h6 9. Bh4 Qc7 10. Nge2 O-O 11. a3 a6 12. Rc1 Re8 13. b4 Qb8 14. Bg3 Nh5 15. Rb1 Nxg3 16. hxg3 Nf6 17. Bf5 Bxf5 18. Qxf5 Qc8 19. Qxc8 Raxc8 20. O-O Ne4 21. Rfd1 Nxc3 22. Nxc3 Ra8 23. a4 f5 24. a5 Re7 25. Na4 Rae8 26. Nc5 Kh7 27. Rdc1 Rb8 28. Kf1 g5 29. Re1 Rbe8 30. Nd3 Kg7 31. Rb2 f4 32. gxf4 gxf4 33. Rbe2 fxe3 34. Rxe3 Rxe3 35. Rxe3 Rxe3 36. fxe3 Kf6 37. Kf2 Kf5 38. Kf3 h5 39. g3 Be7 40. Nc5 Bxc5 41. bxc5 Kg5 42. Kg2 Kg4 43. Kf2 Kh3 44. Kf3 Kh2 45. g4 hxg4+ 46. Kxg4 Kg2 47. Kf4 Kf2 48. e4 dxe4 49. Kxe4 Ke2 50. d5 cxd5+ 51. Kxd5 Kd3 52. c6 bxc6+ 53. Kxc6 Kc4 54. Kb6 Kd5 55. Kxa6 Kc6 56. Ka7 Kc7 1/2-1/2

[Event "Quebec-ch qual-2"]
[Site "Montreal CAN"]
[Date "2000.05.26"]
[Round "1"]
[White "Soskic, Radmilo"]
[Black "Gauthier, Denis"]
[Result "0-1"]
[WhiteElo "1790"]
[BlackElo "1958"]
[PlyCount "92"]
[GameId "2160767911711781"]
[EventDate "2000.05.26"]
[EventType "swiss"]
[EventRounds "5"]
[EventCountry "CAN"]

1. d4 Nf6 2. c4 e6 3. Nc3 Bb4 4. Bg5 c5 5. d5 h6 6. Bxf6 Qxf6 7. Rc1 exd5 8. Qxd5 O-O 9. a3 Bxc3+ 10. Rxc3 d6 11. e3 Nc6 12. Nf3 Rd8 13. Bd3 Ne5 14. Nxe5 Qxe5 15. Be4 Be6 16. Qxe5 dxe5 17. Ke2 f5 18. Bc2 Rd6 19. b4 b6 20. Rd1 Rad8 21. Rxd6 Rxd6 22. b5 Kf7 23. Bb3 e4 24. f4 g5 25. g3 Kf6 26. Ke1 Bf7 27. Bd1 Rd8 28. Be2 Rg8 29. Rc1 gxf4 30. exf4 h5 31. Kf2 Rd8 32. Ke3 Rg8 33. Rc3 h4 34. Kf2 hxg3+ 35. hxg3 Rh8 36. g4 Rh2+ 37. Ke1 Rh4 38. Rg3 fxg4 39. Kf2 Kf5 40. Ke3 Bh5 41. Bd1 Rh2 42. a4 Ra2 43. Bb3 Ra3 44. Kf2 Kxf4 45. Rc3 Bf7 46. a5 bxa5 0-1

[Event "Quebec-ch qual-2"]
[Site "Montreal CAN"]
[Date "2000.05.27"]
[Round "2"]
[White "Gauthier, Denis"]
[Black "Gilbert, Erick"]
[Result "1-0"]
[WhiteElo "1958"]
[BlackElo "1831"]
[PlyCount "131"]
[GameId "2160767911711782"]
[EventDate "2000.05.26"]
[EventType "swiss"]
[EventRounds "5"]
[EventCountry "CAN"]

1. d4 Nf6 2. c4 g6 3. Nc3 Bg7 4. e4 d6 5. Bd3 Nbd7 6. Nge2 O-O 7. Bc2 c6 8. O-O e5 9. d5 cxd5 10. cxd5 a5 11. a3 Nc5 12. Rb1 a4 13. Be3 Bd7 14. f3 Qc7 15. Nc1 b5 16. Nd3 Na6 17. Qd2 Rfc8 18. Rbc1 Qa5 19. Qf2 Rab8 20. Na2 Qd8 21. Nab4 Nxb4 22. Nxb4 Qf8 23. Qd2 Nh5 24. g3 h6 25. Bd3 Kh7 26. Qe2 Rxc1 27. Rxc1 Qd8 28. Nc6 Bxc6 29. Rxc6 b4 30. Qc2 bxa3 31. bxa3 Rb3 32. Rc3 Rxc3 33. Qxc3 Nf6 34. Bb5 Qa8 35. Qc7 Nxd5 36. exd5 Qxd5 37. Bf1 Qa2 38. Qc4 Qxa3 39. Bc1 Qa1 40. Kg2 a3 41. Qc2 e4 42. Bc4 exf3+ 43. Kxf3 f5 44. Bb3 Qc3+ 45. Qxc3 Bxc3 46. Bxa3 Be5 47. h3 Kg7 48. Bc1 g5 49. Bd2 Kf6 50. Ba5 Kg7 51. Bd5 h5 52. Bd2 g4+ 53. Kg2 h4 54. hxg4 fxg4 55. gxh4 Kh8 56. Be6 g3 57. Kh3 Kg7 58. Bd5 Kh8 59. Kg4 Kg7 60. Kf5 Kh8 61. Kg6 Bd4 62. Bg5 Be5 63. h5 Bd4 64. h6 g2 65. Bxg2 Kg8 66. Bd5+ 1-0

[Event "Quebec-ch qual-2"]
[Site "Montreal CAN"]
[Date "2000.05.27"]
[Round "2"]
[White "Lalonde, Paul"]
[Black "Arsenault, Michel"]
[Result "0-1"]
[WhiteElo "2014"]
[BlackElo "1878"]
[PlyCount "64"]
[GameId "2160767911711783"]
[EventDate "2000.05.26"]
[EventType "swiss"]
[EventRounds "5"]
[EventCountry "CAN"]

1. e4 c5 2. Nf3 e6 3. d4 cxd4 4. Nxd4 Nf6 5. Bd3 Nc6 6. Be3 Qc7 7. O-O a6 8. f4 Nxd4 9. Bxd4 Bc5 10. Bxc5 Qxc5+ 11. Kh1 b5 12. Nc3 b4 13. Ne2 Bb7 14. Ng3 d5 15. e5 Ne4 16. Qe1 Qd4 17. Rd1 Qxb2 18. Rb1 Qc3 19. Nxe4 dxe4 20. Qxc3 bxc3 21. Be2 Bd5 22. Bxa6 O-O 23. Rb6 Rxa6 24. Rxa6 Bc4 25. Rc6 Bxf1 26. Rxc3 Ba6 27. Kg1 Rc8 28. Ra3 Bb7 29. c3 Bd5 30. Ra7 g6 31. a4 e3 32. Kf1 Bc4+ 0-1

[Event "Quebec-ch qual-2"]
[Site "Montreal CAN"]
[Date "2000.05.27"]
[Round "2"]
[White "Paz, Roman"]
[Black "Fillion, Steve"]
[Result "1/2-1/2"]
[WhiteElo "1907"]
[BlackElo "2154"]
[PlyCount "73"]
[GameId "2160767911711784"]
[EventDate "2000.05.26"]
[EventType "swiss"]
[EventRounds "5"]
[EventCountry "CAN"]

1. d4 d5 2. c4 c6 3. Nc3 Nf6 4. Nf3 e6 5. Bg5 h6 6. Bh4 dxc4 7. Bxf6 gxf6 8. g3 b5 9. Bg2 Bb7 10. O-O Nd7 11. Qc2 Bb4 12. Nd2 Qb6 13. a3 Be7 14. b3 cxb3 15. Nxb3 a5 16. Rfb1 O-O 17. Qd2 Kg7 18. Nc1 Rfd8 19. e3 Rac8 20. Qe2 f5 21. Nd3 Nf6 22. Ne5 Ba6 23. Qf3 c5 24. Nxb5 Bxb5 25. a4 cxd4 26. Rxb5 Qc7 27. exd4 Rxd4 28. Nc6 Rd2 29. Rxa5 Ne4 30. Nxe7 Qxe7 31. Qe3 Rcc2 32. Bxe4 fxe4 33. Rf1 Re2 34. Qf4 Qf6 35. Qg4+ Qg6 36. Qf4 Qf6 37. Qg4+ 1/2-1/2

[Event "Quebec-ch qual-2"]
[Site "Montreal CAN"]
[Date "2000.05.27"]
[Round "3"]
[White "Deshetres, Michel"]
[Black "Mathews, Theo"]
[Result "0-1"]
[WhiteElo "1654"]
[BlackElo "1769"]
[PlyCount "57"]
[GameId "2160767911711785"]
[EventDate "2000.05.26"]
[EventType "swiss"]
[EventRounds "5"]
[EventCountry "CAN"]

1. e4 e6 2. d4 d5 3. exd5 exd5 4. c4 dxc4 5. Bxc4 Qe7+ 6. Ne2 Qb4+ 7. Nd2 Nf6 8. O-O Be7 9. Re1 O-O 10. a3 Qd6 11. b4 Bg4 12. Bb2 Nc6 13. Qb3 a6 14. Rac1 b5 15. Bd3 Rad8 16. f3 Bd7 17. Ne4 Nxe4 18. fxe4 Bg5 19. Bb1 Bxc1 20. Rxc1 Bg4 21. e5 Qh6 22. d5 Bxe2 23. Rxc6 Qd2 24. Rc1 Bc4 25. Qh3 h6 26. e6 Qxb2 27. Re1 fxe6 28. Qxe6+ Kh8 29. Qg6 0-1

[Event "Quebec-ch qual-2"]
[Site "Montreal CAN"]
[Date "2000.05.28"]
[Round "5"]
[White "Gauthier, Denis"]
[Black "Prahov, Valentin"]
[Result "1-0"]
[WhiteElo "1958"]
[BlackElo "2196"]
[PlyCount "89"]
[GameId "2160767911711786"]
[EventDate "2000.05.26"]
[EventType "swiss"]
[EventRounds "5"]
[EventCountry "CAN"]

1. d4 Nf6 2. c4 g6 3. Nc3 d5 4. cxd5 Nxd5 5. e4 Nxc3 6. bxc3 c5 7. Bc4 Bg7 8. Ne2 O-O 9. O-O cxd4 10. cxd4 Nc6 11. Be3 e6 12. Rc1 Na5 13. Bd3 b6 14. Qd2 Bb7 15. Bh6 Bxh6 16. Qxh6 Qd7 17. h4 Rac8 18. h5 Nc6 19. hxg6 hxg6 20. Bb5 a6 21. Rc3 axb5 22. Rh3 f6 23. Qh8+ Kf7 24. Rh7+ Ke8 25. Qxf8+ Kxf8 26. Rxd7 Na5 27. Rc1 Rxc1+ 28. Nxc1 Bxe4 29. Rd6 Bd5 30. Rxb6 Nc6 31. Rxb5 Nxd4 32. Rb2 Ke7 33. Ne2 Nc6 34. Nf4 Be4 35. f3 e5 36. fxe4 exf4 37. Kf2 g5 38. a4 Kd6 39. Rb5 Na7 40. Rd5+ Ke6 41. a5 g4 42. a6 Nc6 43. Rb5 g3+ 44. Kf1 Kd6 45. Rb7 1-0

[Event "Quebec-ch w"]
[Site "Montreal CAN"]
[Date "2000.05.12"]
[Round "1"]
[White "Mogilevsky, Olga"]
[Black "Khaziyeva, Dinara"]
[Result "1-0"]
[WhiteElo "1669"]
[BlackElo "1912"]
[PlyCount "65"]
[GameId "2160767911716145"]
[EventDate "2000.05.12"]
[EventType "tourn"]
[EventRounds "5"]
[EventCountry "CAN"]

1. e4 d6 2. d4 Nf6 3. Nc3 g6 4. f3 c6 5. Be3 Nbd7 6. Qd2 b5 7. g4 Nb6 8. b3 Bg7 9. h4 a6 10. h5 gxh5 11. g5 Nfd7 12. Rxh5 c5 13. Rd1 Qc7 14. Nh3 Bb7 15. Ne2 c4 16. c3 Rc8 17. Rc1 e5 18. Ng3 exd4 19. cxd4 c3 20. Qd3 d5 21. e5 Bf8 22. Rxh7 Rxh7 23. Qxh7 c2 24. Nh5 Qc3+ 25. Kf2 Rc7 26. g6 fxg6 27. Qxg6+ Kd8 28. Bg5+ Be7 29. Bxe7+ Kxe7 30. Qg7+ Ke8 31. Qg8+ Ke7 32. Qg5+ Ke8 33. Ng7+ 1-0

[Event "Quebec-ch w"]
[Site "Montreal CAN"]
[Date "2000.05.12"]
[Round "1"]
[White "Trottier, Julie"]
[Black "Pescarus, Dana"]
[Result "1-0"]
[WhiteElo "1699"]
[BlackElo "1612"]
[PlyCount "71"]
[GameId "2160767911716147"]
[EventDate "2000.05.12"]
[EventType "tourn"]
[EventRounds "5"]
[EventCountry "CAN"]

1. d4 d5 2. c4 e6 3. Nf3 c5 4. e3 Nf6 5. Nc3 Nc6 6. Be2 a6 7. a4 Bd6 8. O-O O-O 9. b3 Re8 10. Bb2 cxd4 11. exd4 b6 12. Re1 Qc7 13. cxd5 exd5 14. g3 Bf5 15. Rc1 Qd7 16. Bf1 Ra7 17. Bg2 Rxe1+ 18. Qxe1 Nb4 19. Ne5 Bxe5 20. Qxe5 Nd3 21. Qb8+ Ne8 22. Rc2 Rc7 23. Ba1 Rb7 24. Qa8 Nf4 25. Rd2 Ra7 26. Qb8 Rb7 27. Qxf4 Nf6 28. Qe5 Be6 29. Re2 Ng4 30. Qg5 h6 31. Qd2 Rc7 32. Bh3 Qc8 33. Bb2 b5 34. axb5 axb5 35. Nxb5 Re7 36. Bxg4 1-0

[Event "Quebec-ch w"]
[Site "Montreal CAN"]
[Date "2000.05.13"]
[Round "2"]
[White "Khaziyeva, Dinara"]
[Black "Pescarus, Dana"]
[Result "1/2-1/2"]
[WhiteElo "1912"]
[BlackElo "1612"]
[PlyCount "100"]
[GameId "2160767911716148"]
[EventDate "2000.05.12"]
[EventType "tourn"]
[EventRounds "5"]
[EventCountry "CAN"]

1. c4 e5 2. Nc3 Nf6 3. g3 c6 4. d3 d6 5. Bg2 a5 6. h3 Be7 7. Nf3 Na6 8. a3 Bd7 9. Bd2 Rb8 10. b3 O-O 11. O-O Re8 12. Qc2 Qc8 13. Kh2 b5 14. Rfb1 Bf8 15. Nd1 b4 16. axb4 axb4 17. Ra5 Nc5 18. Be3 e4 19. Nd4 Nb7 20. Ra7 c5 21. Nb5 Bxb5 22. cxb5 d5 23. Bg5 Nd6 24. Bxf6 gxf6 25. dxe4 dxe4 26. Ne3 Nxb5 27. Ra5 Nd4 28. Qb2 f5 29. Qa2 Ra8 30. Nd5 Kg7 31. Rxa8 Qxa8 32. Qd2 Qxd5 33. Kh1 Be7 34. e3 Rd8 35. exd4 Qxd4 36. Qf4 Qf6 37. g4 fxg4 38. Qxg4+ Qg6 39. Bxe4 Qxg4 40. hxg4 Rd4 41. Bf5 h5 42. f3 h4 43. Rb2 Bd6 44. Kg2 Rd1 45. Re2 Kf6 46. Bc2 Ra1 47. Bd3 Kg5 48. Bf5 f6 49. Be6 Be5 50. Bc4 Rb1 1/2-1/2

[Event "Quebec-ch w"]
[Site "Montreal CAN"]
[Date "2000.05.13"]
[Round "2"]
[White "Mogilevsky, Olga"]
[Black "Mongeau, Diane"]
[Result "1-0"]
[WhiteElo "1669"]
[BlackElo "1997"]
[PlyCount "66"]
[GameId "2160767911716149"]
[EventDate "2000.05.12"]
[EventType "tourn"]
[EventRounds "5"]
[EventCountry "CAN"]

1. e4 a6 2. d4 b5 3. Be3 e6 4. f3 d5 5. Bd3 Bb7 6. Ne2 Nd7 7. O-O c5 8. c3 Bd6 9. e5 Bb8 10. Qe1 g6 11. f4 Ba7 12. Qg3 Qe7 13. f5 O-O-O 14. a4 c4 15. Bc2 b4 16. Nd2 b3 17. Bb1 Rf8 18. fxe6 fxe6 19. Nf3 Bb8 20. Nf4 Re8 21. Qh3 Nf8 22. Bxg6 Rd8 23. Rae1 Bc6 24. Bb1 Bd7 25. Nh5 Ng6 26. Bg5 Qe8 27. Bxd8 Qxd8 28. Ng3 Nf4 29. Qg4 Qf8 30. Ng5 h6 31. Nf3 Ne7 32. Nh5 Ne2+ 33. Kh1 Rg8 1-0

[Event "Quebec-ch w"]
[Site "Montreal CAN"]
[Date "2000.05.13"]
[Round "2"]
[White "Santerre, Marie-Pierre"]
[Black "Trottier, Julie"]
[Result "0-1"]
[WhiteElo "916"]
[BlackElo "1699"]
[PlyCount "33"]
[GameId "2160767911716150"]
[EventDate "2000.05.12"]
[EventType "tourn"]
[EventRounds "5"]
[EventCountry "CAN"]

1. e4 c5 2. Nf3 e6 3. c4 Nc6 4. d3 Be7 5. Bf4 Qb6 6. Be2 Qxb2 7. Nbd2 d6 8. Rb1 Qc3 9. Be3 Nb4 10. O-O Qc2 11. d4 Nf6 12. e5 Ng4 13. Ne4 Qxe4 14. exd6 Nxe3 15. fxe3 Qxe3+ 16. Kh1 Bxd6 17. Rb3 0-1

[Event "Quebec-ch w"]
[Site "Montreal CAN"]
[Date "2000.05.13"]
[Round "3"]
[White "Mongeau, Diane"]
[Black "Khaziyeva, Dinara"]
[Result "1-0"]
[WhiteElo "1992"]
[BlackElo "1912"]
[PlyCount "71"]
[GameId "2160767911716151"]
[EventDate "2000.05.12"]
[EventType "tourn"]
[EventRounds "5"]
[EventCountry "CAN"]

1. d4 Nf6 2. Nf3 c5 3. d5 e6 4. Nc3 d6 5. e4 a6 6. a4 Be7 7. Bd3 Nbd7 8. a5 b5 9. axb6 Nxb6 10. dxe6 fxe6 11. e5 Nfd5 12. exd6 Bxd6 13. Ne4 c4 14. Nxd6+ Qxd6 15. Be4 Bb7 16. O-O O-O-O 17. Bg5 Rd7 18. Qe2 Kb8 19. Rfd1 c3 20. b3 Qc5 21. Ne5 Rc7 22. Nd3 Qb5 23. Qg4 h6 24. Bh4 g5 25. Bg3 Nf6 26. Bxc7+ Kxc7 27. Qg3+ Kc8 28. Bxb7+ Kxb7 29. Qe5 Qxe5 30. Nxe5 Nfd5 31. Rd3 Rf8 32. Rh3 Rh8 33. Nf7 Rh7 34. Nxg5 Nf4 35. Nxh7 Nxh3+ 36. gxh3 1-0